Statistics for Countries of the World Without a Map

Click here to take the quiz!

General Stats

  • This quiz has been taken 29 times
  • The average score is 132 of 196

Answer Stats

Answer% Correct
United States
91%
United Kingdom
86%
Argentina
82%
Canada
82%
France
82%
Mexico
82%
Afghanistan
77%
Albania
77%
Antigua and Barbuda
77%
Bahamas
77%
Barbados
77%
Brazil
77%
Costa Rica
77%
Denmark
77%
Dominica
77%
Dominican Republic
77%
El Salvador
77%
Germany
77%
Guatemala
77%
Guyana
77%
Haiti
77%
Honduras
77%
Italy
77%
Nicaragua
77%
Panama
77%
Saint Lucia
77%
Suriname
77%
Australia
73%
Belize
73%
Bolivia
73%
Chad
73%
Colombia
73%
Cuba
73%
Ecuador
73%
Finland
73%
Greece
73%
Grenada
73%
Iceland
73%
Ireland
73%
Jamaica
73%
Kyrgyzstan
73%
Norway
73%
Paraguay
73%
Russia
73%
Saint Kitts and Nevis
73%
Saint Vincent and the Grenadines
73%
Spain
73%
Sweden
73%
Trinidad and Tobago
73%
Uruguay
73%
Venezuela
73%
Algeria
68%
Andorra
68%
Angola
68%
Armenia
68%
Austria
68%
Azerbaijan
68%
Belgium
68%
Bhutan
68%
Bosnia and Herzegovina
68%
Chile
68%
Democratic Republic of the Congo
68%
Egypt
68%
Equatorial Guinea
68%
India
68%
Indonesia
68%
Japan
68%
Libya
68%
Luxembourg
68%
Malaysia
68%
Monaco
68%
Mongolia
68%
Nepal
68%
Netherlands
68%
New Zealand
68%
Niger
68%
Nigeria
68%
North Korea
68%
North Macedonia
68%
Pakistan
68%
Peru
68%
Portugal
68%
Republic of the Congo
68%
South Korea
68%
South Sudan
68%
Sudan
68%
Switzerland
68%
Taiwan
68%
Tajikistan
68%
Togo
68%
Turkey
68%
Turkmenistan
68%
United Arab Emirates
68%
Uzbekistan
68%
Vatican City
68%
Vietnam
68%
Bahrain
64%
Bangladesh
64%
Benin
64%
Botswana
64%
Brunei
64%
Bulgaria
64%
Cambodia
64%
Cameroon
64%
Cape Verde
64%
Central African Republic
64%
China
64%
Comoros
64%
Croatia
64%
Cyprus
64%
Czech Republic
64%
Djibouti
64%
Estonia
64%
Eswatini
64%
Ethiopia
64%
Fiji
64%
Gabon
64%
Gambia
64%
Georgia
64%
Guinea
64%
Guinea-Bissau
64%
Israel
64%
Jordan
64%
Kazakhstan
64%
Kenya
64%
Kosovo
64%
Laos
64%
Latvia
64%
Lesotho
64%
Liberia
64%
Liechtenstein
64%
Lithuania
64%
Madagascar
64%
Maldives
64%
Mali
64%
Malta
64%
Marshall Islands
64%
Mauritania
64%
Mauritius
64%
Montenegro
64%
Morocco
64%
Mozambique
64%
Myanmar
64%
Namibia
64%
Nauru
64%
Oman
64%
Palau
64%
Papua New Guinea
64%
Philippines
64%
Poland
64%
Romania
64%
Samoa
64%
San Marino
64%
Sao Tome and Principe
64%
Saudi Arabia
64%
Serbia
64%
Sierra Leone
64%
Singapore
64%
Slovakia
64%
Slovenia
64%
Solomon Islands
64%
Somalia
64%
South Africa
64%
Sri Lanka
64%
Thailand
64%
Timor-Leste
64%
Tonga
64%
Tunisia
64%
Tuvalu
64%
Uganda
64%
Ukraine
64%
Yemen
64%
Zambia
64%
Zimbabwe
64%
Belarus
59%
Burkina Faso
59%
Burundi
59%
Ghana
59%
Hungary
59%
Iran
59%
Iraq
59%
Ivory Coast
59%
Kiribati
59%
Kuwait
59%
Lebanon
59%
Malawi
59%
Micronesia
59%
Moldova
59%
Rwanda
59%
Senegal
59%
Syria
59%
Tanzania
59%
Vanuatu
59%
Eritrea
55%
Qatar
55%
Seychelles
55%

Score Distribution

Percentile by Number Answered

Percent of People with Each Score

Your Score History

You have not taken this quiz